Špecifiká účtovania a vykazovania mikro účtovnej jednotky bakalárska práca

Enregistré dans:
Détails bibliographiques
Auteur principal: Opálková, Nikola
Collectivité auteur: Fakulta hospodárskej informatiky EU. Katedra účtovníctva a audítorstva
Autres auteurs: Kňažková, Veronika, 1986-
Format: Livre
Langue:slovaque
Publié: Bratislava 2018
Tags: Ajouter un tag
Pas de tags, Soyez le premier à ajouter un tag!

MARC

LEADER 00000nbm a2200000 4500
001 0245415
005 20181106083924.5
041 0 |a slo 
044 |a SK 
245 1 0 |a Špecifiká účtovania a vykazovania mikro účtovnej jednotky  |b bakalárska práca  |c Nikola Opálková ; školiteľ: Veronika Kňažková 
264 1 |a Bratislava  |c 2018 
300 |a 42 s. 
100 1 |a Opálková, Nikola 
700 1 |a Kňažková, Veronika, 1986- 
710 2 |a Fakulta hospodárskej informatiky EU. Katedra účtovníctva a audítorstva